MARC details
| 000 -CABECERA |
| campo de control de longitud fija |
01088nam a2200265 a 4500 |
| 001 - NÚMERO DE CONTROL |
| campo de control |
000040462 |
| 005 - FECHA Y HORA DE LA ÚLTIMA TRANSACCIÓN |
| campo de control |
20201002034139.0 |
| 008 - DATOS DE LONGITUD FIJA--INFORMACIÓN GENERAL |
| campo de control de longitud fija |
120120s1992 cl 000 0 spa d |
| 020 ## - NÚMERO INTERNACIONAL ESTÁNDAR DEL LIBRO |
| Número Internacional Estándar del Libro |
9580467463 |
| 040 ## - FUENTE DE LA CATALOGACIÓN |
| Centro catalogador/agencia de origen |
DO-SdBNP |
| Lengua de catalogación |
spa |
| Centro/agencia transcriptor |
BNPHU |
| 082 ## - NÚMERO DE LA CLASIFICACIÓN DECIMAL DEWEY |
| Número de clasificación |
823.8 |
| Número de documento/Ítem |
W671f |
| 100 1# - ENTRADA PRINCIPAL--NOMBRE DE PERSONA |
| Nombre de persona |
Wilde, Oscar, |
| Fechas asociadas al nombre |
1854-1900 |
| 9 (RLIN) |
13294 |
| 245 13 - MENCIÓN DE TÍTULO |
| Título |
El fantasma de Canterville y otros cuentos ; a propósito Oscar Wilde : su vida y su obra / |
| Mención de responsabilidad, etc. |
Oscar Wilde ;traducción Pedro Lama. |
| 246 10 - FORMA VARIANTE DE TÍTULO |
| Título propio/Titulo breve |
A propósito Oscar Wilde : |
| Resto del título |
su vida y su obra . |
| 246 14 - FORMA VARIANTE DE TÍTULO |
| Título propio/Titulo breve |
Oscar Wilde su vida y su obra |
| 260 ## - PUBLICACIÓN, DISTRIBUCIÓN, ETC. |
| Lugar de publicación, distribución, etc. |
Bogotá : |
| Nombre del editor, distribuidor, etc. |
Norma, |
| Fecha de publicación, distribución, etc. |
1992. |
| 300 ## - DESCRIPCIÓN FÍSICA |
| Extensión |
124, 77 p. ; |
| Dimensiones |
20 cm. |
| 505 0# - NOTA DE CONTENIDO CON FORMATO |
| Nota de contenido con formato |
El crimen de Lorrd Arthur Saville |
| Título |
El fantasma de Canterville -- |
| -- |
El cumpleaños de la infanta -- |
| -- |
Poemas en prosa |
| 563 ## - NOTA DE ENCUADERNACIÓN |
| Nota de encuadernación |
Dos obras encuadernadas juntas con paginación invertida |
| 600 14 - PUNTO DE ACCESO ADICIONAL DE MATERIA--NOMBRE DE PERSONA |
| Nombre de persona |
WILDE, OSCAR |
| Fechas asociadas al nombre |
1854-1900 |
| Subdivisión general |
CRÍTICA E INTERPRETACIÓN |
| 9 (RLIN) |
66759 |
| 650 #4 - PUNTO DE ACCESO ADICIONAL DE MATERIA--TÉRMINO DE MATERIA |
| Término de materia o nombre geográfico como elemento de entrada |
Cuentos irlandeses |
| 9 (RLIN) |
62832 |
| 650 #4 - PUNTO DE ACCESO ADICIONAL DE MATERIA--TÉRMINO DE MATERIA |
| Término de materia o nombre geográfico como elemento de entrada |
Literatura irlandesa |
| 9 (RLIN) |
11512 |
| 700 12 - PUNTO DE ACCESO ADICIONAL--NOMBRE DE PERSONA |
| Nombre de persona |
Lama, Pedro |
| Término indicativo de función/relación |
tr. |
| 9 (RLIN) |
66760 |
| 910 ## - DATOS DE OPCIÓN DEL USUARIO (OCLC) |
| Datos de opción del usuario |
Validado. Control de calidad MFF |